Структурно-энерго-временной анализ физических объектов: применение в металловедении и механике: монография

Λεπτομέρειες βιβλιογραφικής εγγραφής
Κύριος συγγραφέας: Тимофеев В. Л. Вадим Леонидович
Συγγραφή απο Οργανισμό/Αρχή: Ижевский государственный технический университет
Περίληψη:В работе обозначен новый структурно-энерго-временной подход к изучению материальных образований. Предложена теория структурно-энерговременных полей свойств физических объектов в целях их математического моделирования. Структурно-энерго-временной анализ является физико-гео­метрическим методом исследования. Он помогает дать геометрическую интер­претацию вновь полученным и существующим закономерностям.Книга рассчитана на исследователей в разных отраслях знаний, аспирантов, студентов, интересующихся геометрическим изучением объектов познания.
Γλώσσα:Ρωσικά
Έκδοση: Москва, Инфра-М, 2016
Έκδοση:5-е изд., испр. и доп.
Σειρά:Научная мысль
Металловедение
Θέματα:
Μορφή: MixedMaterials Βιβλίο
KOHA link:https://koha.lib.tpu.ru/cgi-bin/koha/opac-detail.pl?biblionumber=271718

MARC

LEADER 00000nam0a2200000 4500
001 271718
005 20231101234449.0
010 |a 9785160054551 
035 |a (RuTPU)RU\TPU\book\294920 
090 |a 271718 
100 |a 20141010d2016 k y0rusy50 ca 
101 0 |a rus 
102 |a RU 
105 |a a z 001zy 
200 1 |a Структурно-энерго-временной анализ физических объектов: применение в металловедении и механике  |e монография  |f В. Л. Тимофеев  |g Ижевский государственный технический университет 
205 |a 5-е изд., испр. и доп. 
210 |a Москва  |c Инфра-М  |d 2016 
215 |a 368 с.  |c ил. 
225 1 |a Научная мысль 
225 1 |a Металловедение 
320 |a Библиогр.: с. 230-234. 
330 |a В работе обозначен новый структурно-энерго-временной подход к изучению материальных образований. Предложена теория структурно-энерговременных полей свойств физических объектов в целях их математического моделирования. Структурно-энерго-временной анализ является физико-гео­метрическим методом исследования. Он помогает дать геометрическую интер­претацию вновь полученным и существующим закономерностям.Книга рассчитана на исследователей в разных отраслях знаний, аспирантов, студентов, интересующихся геометрическим изучением объектов познания. 
606 1 |a Математическая физика  |2 stltpush  |3 (RuTPU)RU\TPU\subj\41221  |9 61028 
610 1 |a физика 
610 1 |a геометрия 
610 1 |a физические объекты 
610 1 |a структурно-энерго-временной анализ 
610 1 |a структурно-энерго-временные исследования 
610 1 |a физические величины 
610 1 |a тригонометрические масштабные комплексы 
610 1 |a материальная точка 
610 1 |a СЭВ-поле 
610 1 |a философия 
610 1 |a математика 
610 1 |a растяжение 
610 1 |a механические испытания 
610 1 |a металлы 
610 1 |a стали 
610 1 |a металлические конструкционные материалы 
610 1 |a кристаллизация 
610 1 |a физико-геометрические исследования 
610 1 |a монографии 
675 |a 53:51  |v 3 
700 1 |a Тимофеев  |b В. Л.  |g Вадим Леонидович 
712 0 2 |a Ижевский государственный технический университет  |2 stltpush  |3 (RuTPU)RU\TPU\col\5643  |9 24111 
801 1 |a RU  |b 63413507  |c 20141010 
801 2 |a RU  |b 63413507  |c 20151030  |g RCR 
900 |a Металловедение и термическая обработка 
900 |a Механика 
942 |c BK 
959 |a 134/20141010  |d 1  |e 800,00  |f ЧЗТЛ:1 
959 |a 92/20150730  |d 1  |e 800,00  |f ЧЗТЛ:1